Detalles MARC
| 000 -CABECERA |
| campo de control de longitud fija |
01012nam a2200277 a 4500 |
| 001 - NÚMERO DE CONTROL |
| campo de control |
000028565 |
| 003 - IDENTIFICADOR DEL NÚMERO DE CONTROL |
| campo de control |
DO-SdBNP |
| 005 - FECHA Y HORA DE LA ÚLTIMA TRANSACCIÓN |
| campo de control |
20240521120738.0 |
| 008 - DATOS DE LONGITUD FIJA--INFORMACIÓN GENERAL |
| campo de control de longitud fija |
110411s20102015dr ac 001 0 spa d |
| 020 ## - NÚMERO INTERNACIONAL ESTÁNDAR DEL LIBRO |
| Número Internacional Estándar del Libro |
9789945003338 |
| 040 ## - FUENTE DE LA CATALOGACIÓN |
| Centro catalogador/agencia de origen |
DO-SdBNP |
| Lengua de catalogación |
spa |
| Centro/agencia transcriptor |
BNPHU |
| 082 #4 - NÚMERO DE LA CLASIFICACIÓN DECIMAL DEWEY |
| Número de clasificación |
929.2 |
| Número de documento/Ítem |
C254g |
| 245 00 - MENCIÓN DE TÍTULO |
| Título |
Cápsulas genealógicas / |
| Mención de responsabilidad, etc. |
Victor José Arthur Nouel ... [et al.]. |
| 260 ## - PUBLICACIÓN, DISTRIBUCIÓN, ETC. |
| Lugar de publicación, distribución, etc. |
Santo Domingo : |
| Nombre del editor, distribuidor, etc. |
Instituto Dominicano de Genealogía : |
| -- |
Comisión Permanente de Efemérides Patrias, |
| Fecha de publicación, distribución, etc. |
2010-2015. |
| 300 ## - DESCRIPCIÓN FÍSICA |
| Extensión |
v. : |
| Otras características físicas |
il., retrs ; |
| Dimensiones |
24 cm. |
| 490 1# - MENCIÓN DE SERIE |
| Mención de serie |
Investigación genealógica; |
| Designación de volumen o secuencia |
9; |
| 490 1# - MENCIÓN DE SERIE |
| Mención de serie |
Investigación genealógica; |
| Designación de volumen o secuencia |
10; |
| 500 ## - NOTA GENERAL |
| Nota general |
Incluye índice onomástico |
| 590 ## - NOTA LOCAL (RLIN) |
| Nota local |
Inventariado, 2019/ YL |
| 651 #4 - PUNTO DE ACCESO ADICIONAL DE MATERIA--NOMBRE GEOGRÁFICO |
| Nombre geográfico |
República Dominicana |
| Subdivisión general |
Genealogía |
| 9 (RLIN) |
2157 |
| 651 #4 - PUNTO DE ACCESO ADICIONAL DE MATERIA--NOMBRE GEOGRÁFICO |
| Nombre geográfico |
República Dominicana |
| Subdivisión de forma |
Biografías |
| 9 (RLIN) |
1083 |
| 700 12 - PUNTO DE ACCESO ADICIONAL--NOMBRE DE PERSONA |
| Nombre de persona |
Arthur Nouel, Victor José |
| 9 (RLIN) |
55522 |
| 830 #0 - PUNTO DE ACCESO ADICIONAL DE SERIE-TÍTULO UNIFORME |
| Título uniforme |
Investigación genealógica |
| Número de parte o sección de la obra |
9 |
| 9 (RLIN) |
55523 |
| 830 #0 - PUNTO DE ACCESO ADICIONAL DE SERIE-TÍTULO UNIFORME |
| Título uniforme |
Investigación genealógica |
| Número de parte o sección de la obra |
10 |
| 9 (RLIN) |
55524 |
| 942 ## - ELEMENTOS DE PUNTO DE ACCESO ADICIONAL (KOHA) |
| Fuente del sistema de clasificación o colocación |
Dewey Decimal Classification |
| Tipo de ítem Koha |
Libro |